<?xml version="1.0" encoding="UTF-8"?><?xml-stylesheet type="text/xsl" href="static/style.xsl"?><OAI-PMH xmlns="http://www.openarchives.org/OAI/2.0/" xmlns:xsi="http://www.w3.org/2001/XMLSchema-instance" xsi:schemaLocation="http://www.openarchives.org/OAI/2.0/ http://www.openarchives.org/OAI/2.0/OAI-PMH.xsd"><responseDate>2026-04-17T02:01:33Z</responseDate><request verb="GetRecord" identifier="oai:www.recercat.cat:10256/12036" metadataPrefix="marc">https://recercat.cat/oai/request</request><GetRecord><record><header><identifier>oai:recercat.cat:10256/12036</identifier><datestamp>2024-06-18T13:35:13Z</datestamp><setSpec>com_2072_452955</setSpec><setSpec>com_2072_2054</setSpec><setSpec>col_2072_452958</setSpec></header><metadata><record xmlns="http://www.loc.gov/MARC21/slim" xmlns:dcterms="http://purl.org/dc/terms/" xmlns:xsi="http://www.w3.org/2001/XMLSchema-instance" xmlns:doc="http://www.lyncode.com/xoai" xsi:schemaLocation="http://www.loc.gov/MARC21/slim http://www.loc.gov/standards/marcxml/schema/MARC21slim.xsd">
   <leader>00925njm 22002777a 4500</leader>
   <datafield ind2=" " ind1=" " tag="042">
      <subfield code="a">dc</subfield>
   </datafield>
   <datafield ind2=" " ind1=" " tag="720">
      <subfield code="a">Fernández Hernández, Maria Victoria</subfield>
      <subfield code="e">author</subfield>
   </datafield>
   <datafield ind2=" " ind1=" " tag="720">
      <subfield code="a">Heras Mena, Sandra</subfield>
      <subfield code="e">author</subfield>
   </datafield>
   <datafield ind2=" " ind1=" " tag="720">
      <subfield code="a">Maltagliati, Ferruccio</subfield>
      <subfield code="e">author</subfield>
   </datafield>
   <datafield ind2=" " ind1=" " tag="720">
      <subfield code="a">Turco, Aldo</subfield>
      <subfield code="e">author</subfield>
   </datafield>
   <datafield ind2=" " ind1=" " tag="720">
      <subfield code="a">Roldán Borassi, María Inés</subfield>
      <subfield code="e">author</subfield>
   </datafield>
   <datafield ind2=" " ind1=" " tag="260">
      <subfield code="c">info:eu-repo/date/embargoEnd/2026-01-01</subfield>
   </datafield>
   <datafield ind2=" " ind1=" " tag="260">
      <subfield code="c">info:eu-repo/date/embargoEnd/2026-01-01</subfield>
   </datafield>
   <datafield ind2=" " ind1=" " tag="260">
      <subfield code="c">2011-01-26</subfield>
   </datafield>
   <datafield ind2=" " ind1=" " tag="520">
      <subfield code="a">The blue and red shrimp Aristeus antenantus supports an important commercial fishery in the Western Mediterranean, adjacent Atlantic waters and Mozambique Channel (western Indian Ocean). This study investigates its genetic structure by examining a total of 506 individuals from Mediterranean, Atlantic and Indian Ocean locations. In order to identify putative genetic stocks, sequences from 16S rDNA (546 bp) and COI (514 bp) genes were used. Genetic diversity, estimated by haplotypic and nucleotidic diversity, was lower in the Western Mediterranean than in samples from other locations. The high haplotypic diversity of the Eastern Mediterranean, Atlantic and Indian Ocean samples reflects the occurrence of a number of private haplotypes, which are also responsible for significant genetic divergence between these samples and the Western Mediterranean ones. The analysis of mismatch distributions, neutrality tests, and star-like patterns present in the network of haplotypes provided consistent inference of past population expansion in the Western Mediterranean, Atlantic and Mozambique Channel regions. Our study provides the first evidence of genetic structuring in A. antennatus across its distributional range</subfield>
   </datafield>
   <datafield ind2=" " ind1=" " tag="520">
      <subfield code="a">The authors thank M. Arculeo, A. Carbonell, M. Cortey, L. Hidalgo, C.- Y. Politou, I. Sobrino and A. Souplet for their help in sample collection; and C. Martinez and R. Patellani for their assistance in the laboratory. This work was supported by grants to M.I.R. by the Spanish Ministerio de Educación y Ciencia (CTM2006-00785) and Ministerio de Ciencia e Innovación (AGL2009-09228). M.V.F. benefited from a predoctoral fellowship from the Ministerio de Educación y Ciencia (BES-2007-15865)</subfield>
   </datafield>
   <datafield ind1="8" ind2=" " tag="024">
      <subfield code="a">http://hdl.handle.net/10256/12036</subfield>
   </datafield>
   <datafield tag="653" ind2=" " ind1=" ">
      <subfield code="a">Gambes -- Genètica -- Mediterrània, Mar</subfield>
   </datafield>
   <datafield tag="653" ind2=" " ind1=" ">
      <subfield code="a">Shrimps -- Genetics -- Mediterranean Sea</subfield>
   </datafield>
   <datafield tag="653" ind2=" " ind1=" ">
      <subfield code="a">ADN mitocondrial -- Mediterrània, Mar</subfield>
   </datafield>
   <datafield tag="653" ind2=" " ind1=" ">
      <subfield code="a">Mitochondrial DNA -- Mediterranean Sea</subfield>
   </datafield>
   <datafield ind2="0" ind1="0" tag="245">
      <subfield code="a">Genetic structure in the blue and red shrimp Aristeus antennatus and the role played by hydrographical and oceanographical barriers</subfield>
   </datafield>
</record></metadata></record></GetRecord></OAI-PMH>